004780000a22001210004500090001700000245012200017041001300139700003100152100003700183942001300220773010600233999001700339 aASbSeriadas10aDinoflagellates of the genera Ceratium and Ornithocercus collected in the golfo de Salamanca, colombian Caribbean sea0 aInglés1 aGarcía, Camilo B.9991211 aFernández M., Carlos E.949896 cARTICULO1 tRevista de la Academia Colombiana de Ciencias Exactas, Fisicas y Naturales332h85q539-559d1998g22 c14127d14127